000 00283nam a22001337a 4500
008 181019b xxu||||| |||| 00| 0 eng d
020 _a9780534393397
041 _aeng
080 _25th
_a510
100 _a36
101 _aMAT
245 _aCalculus
_cStewart,J
942 _2udc
_cBK
999 _c50255
_d50255